Northern Illinois Cities - Statistics

General Stats
  • This quiz has been taken 12 times
  • The average score is 57 of 583
Answers on the Map
Answers color-coded by a green-red scale on the quiz's map according to % correct below.
 
Answer Stats
Answer % Correct
Chicago
86%
Machesney Park
43%
Rockford
43%
South Beloit
43%
Belvidere
29%
Byron
29%
Cherry Valley
29%
Cortland
29%
Creston
29%
DeKalb
29%
Dixon
29%
Freeport
29%
Loves Park
29%
Malta
29%
Maple Park
29%
Mendota
29%
Monroe Center
29%
Mount Morris
29%
New Milford
29%
Oregon
29%
Polo
29%
Rochelle
29%
Rock Falls
29%
Roscoe
29%
Sterling
29%
Stillman Valley
29%
Sycamore
29%
Addison
14%
Adeline
14%
Aledo
14%
Algonquin
14%
Alsip
14%
Amboy
14%
Andalusia
14%
Andres
14%
Annawan
14%
Antioch
14%
Apple Canyon Lake
14%
Apple River
14%
Argyle
14%
Arlington Heights
14%
Ashton
14%
Aurora
14%
Baileyville
14%
Bannockburn
14%
Barrington
14%
Barrington Hills
14%
Bartlett
14%
Batavia
14%
Beach Park
14%
Bedford Park
14%
Beecher
14%
Bellwood
14%
Bensenville
14%
Berkeley
14%
Berwyn
14%
Big Foot Prairie
14%
Big Rock
14%
Bishop Hill
14%
Bloomingdale
14%
Blue Island
14%
Bolingbrook
14%
Bonfield
14%
Boulder Hill
14%
Bourbonnais
14%
Bradley
14%
Bridgeview
14%
Broadview
14%
Brookfield
14%
Buckingham
14%
Buffalo Grove
14%
Buffalo Prairie
14%
Bull Valley
14%
Burbank
14%
Bureau Junction
14%
Burlington
14%
Burnham
14%
Burr Ridge
14%
Caledonia
14%
Calumet City
14%
Calumet Park
14%
Campbell's Island
14%
Campton Hills
14%
Capron
14%
Carbon Hill
14%
Carol Stream
14%
Carpentersville
14%
Cary
14%
Cedar Point
14%
Channahon
14%
Channel Lake
14%
Chebanse
14%
Chicago Heights
14%
Chicago Ridge
14%
Cicero
14%
Clarendon Hills
14%
Coal City
14%
Colona
14%
Cordova
14%
Countryside
14%
Coyne Center
14%
Crest Hill
14%
Crestwood
14%
Crystal Lake
14%
Crystal Lawns
14%
Dakota
14%
Dana
14%
Darien
14%
Davis
14%
Deer Grove
14%
Deer Park
14%
De Pue
14%
Des Plaines
14%
Dixmoor
14%
Dolton
14%
Downers Grove
14%
Durand
14%
Eagle Lake
14%
Earlville
14%
East Dubuque
14%
East Moline
14%
Elburn
14%
Elgin
14%
Elizabeth
14%
Elk Grove Village
14%
Elmhurst
14%
Elmwood Park
14%
Elwood
14%
Erie
14%
Evanston
14%
Evergreen Park
14%
Forest Park
14%
Forest View
14%
Fox Lake
14%
Fox River Grove
14%
Frankfort
14%
Frankfort Square
14%
Franklin Grove
14%
Franklin Park
14%
Galena
14%
Galt
14%
Garden Prairie
14%
Gardner
14%
Genoa
14%
German Valley
14%
Gilberts
14%
Glendale Heights
14%
Glen Ellyn
14%
Glenview
14%
Grant Park
14%
Granville
14%
Green Oaks
14%
Gurnee
14%
Hampshire
14%
Hanover
14%
Hanover Park
14%
Harvard
14%
Harvey
14%
Harwood Heights
14%
Hebron
14%
Hennepin
14%
Herscher
14%
Hickory Hills
14%
Highland Park
14%
Highwood
14%
Hillcrest
14%
Hillside
14%
Hinsdale
14%
Hodgkins
14%
Hoffman Estates
14%
Holcomb
14%
Hollowayville
14%
Homer Glen
14%
Hometown
14%
Hooppole
14%
Hopkins Park
14%
Huntley
14%
Illinois City
14%
Indian Head Park
14%
Inverness
14%
Irwin
14%
Itasca
14%
Joliet
14%
Joy
14%
Kaneville
14%
Kangley
14%
Kankakee
14%
Keithsburg
14%
Kenilworth
14%
Kildeer
14%
Kings
14%
Kingston
14%
Kinsman
14%
Kirkland
14%
Knollwood
14%
La Grange
14%
La Grange Park
14%
Lake Bluff
14%
Lake Carroll
14%
Lake Catherine
14%
Lake Forest
14%
Lake in the Hills
14%
Lake Summerset
14%
Lakewood
14%
Lake Zurich
14%
LaSalle
14%
Leaf River
14%
Lee Center
14%
Leland
14%
Lemont
14%
Lena
14%
Lily Lake
14%
Limestone
14%
Lincolnshire
14%
Lincolnwood
14%
Lisle
14%
Lockport
14%
Lombard
14%
Lostant
14%
Lost Nation
14%
Lyndon
14%
Magnolia
14%
Manhattan
14%
Manlius
14%
Marengo
14%
Mark
14%
Marley
14%
Maywood
14%
Mazon
14%
McCullom Lake
14%
McHenry
14%
McNabb
14%
Melrose Park
14%
Menominee
14%
Merrionette Park
14%
Midlothian
14%
Mineral
14%
Mokena
14%
Moline
14%
Momence
14%
Montgomery
14%
Morris
14%
Morrison
14%
Morton Grove
14%
Mount Prospect
14%
Nachusa
14%
Naperville
14%
New Lenox
14%
Niles
14%
Nora
14%
Norridge
14%
North Aurora
14%
North Chicago
14%
Northfield
14%
North Henderson
14%
Northlake
14%
North Riverside
14%
North Utica
14%
Oak Brook
14%
Oakbrook Terrace
14%
Oak Forest
14%
Oak Lawn
14%
Oglesby
14%
Old Mill Creek
14%
Orangeville
14%
Oswego
14%
Palatine
14%
Palos Park
14%
Park City
14%
Park Ridge
14%
Pearl City
14%
Peotone
14%
Peru
14%
Phoenix
14%
Pingree Grove
14%
Plainfield
14%
Plano
14%
Plattville
14%
Port Byron
14%
Prestbury
14%
Princeton
14%
Prospect Heights
14%
Rapids City
14%
Reddick
14%
Reynolds
14%
Richmond
14%
Ridgefield
14%
Ridott
14%
Ringwood
14%
River Forest
14%
River Grove
14%
Robbins
14%
Rock City
14%
Rock Island
14%
Rock Island Arsenal
14%
Rockton
14%
Rolling Meadows
14%
Romeoville
14%
Roselle
14%
Rosemont
14%
Schaumburg
14%
Schiller Park
14%
Seaton
14%
Seatonville
14%
Seneca
14%
Shabbona
14%
Sheridan
14%
Shorewood
14%
Silvis
14%
Skokie
14%
Sleepy Hollow
14%
Solon Mills
14%
South Chicago Heights
14%
South Elgin
14%
South Holland
14%
South Wilmington
14%
Spring Grove
14%
Standard
14%
Steward
14%
Stickney
14%
Stockton
14%
Stone Park
14%
Streamwood
14%
Streator
14%
Sugar Grove
14%
Sunnyland
14%
Tampico
14%
The Galena Territory
14%
Third Lake
14%
Timberlane
14%
Tinley Park
14%
Tonica
14%
Union
14%
Union Hill
14%
Verona
14%
Villa Park
14%
Virgil
14%
Wadsworth
14%
Walnut
14%
Warren
14%
Warrenville
14%
Waterman
14%
Wauconda
14%
Waukegan
14%
Wedron
14%
Westchester
14%
West Chicago
14%
West Dundee
14%
Westmont
14%
Wheaton
14%
Wheeling
14%
Willowbrook (DuPage County)
14%
Willow Lake
14%
Wilmette
14%
Wilmington
14%
Winfield
14%
Winnebago
14%
Winnetka
14%
Winslow
14%
Winthrop Harbor
14%
Wood Dale
14%
Woodridge
14%
Yorkville
14%
Zion
14%
Albany
0%
Alden
0%
Alpha
0%
Andover
0%
Arbury Hills
0%
Arlington
0%
Aroma Park
0%
Atkinson
0%
Barstow
0%
Bonnie Brae
0%
Braceville
0%
Braidwood
0%
Buda
0%
Burtons Bridge
0%
Cable
0%
Cambridge
0%
Candlewick Lake
0%
Carbon Cliff
0%
Cedarville
0%
Chadwick
0%
Chemung
0%
Cherry
0%
Cleveland
0%
Coal Valley
0%
Coleta
0%
Como
0%
Compton
0%
Coral
0%
Country Club Hills
0%
Crete
0%
Custer Park
0%
Dalzell
0%
Davis Junction
0%
Dayton
0%
Deerfield
0%
Diamond
0%
Dover
0%
East Brooklyn
0%
East Dundee
0%
East Hazel Crest
0%
Edgington
0%
Eliza
0%
Essex
0%
Fairmont
0%
Flossmoor
0%
Ford Heights
0%
Forest Lake
0%
Forreston
0%
Fox Lake Hills
0%
Franklinville
0%
Fulton
0%
Gages Lake
0%
Galva
0%
Geneseo
0%
Geneva
0%
Glencoe
0%
Glenwood
0%
Godley
0%
Golf
0%
Goodenow
0%
Grand Detour
0%
Grand Ridge
0%
Grandwood Park
0%
Grayslake
0%
Greenwood
0%
Hainesville
0%
Hamlet
0%
Hampton
0%
Harding
0%
Harmon
0%
Harmony
0%
Hartland
0%
Hawthorn Woods
0%
Hazel Crest
0%
Hillsdale
0%
Hinckley
0%
Holiday Hills
0%
Homewood
0%
Indian Creek
0%
Ingalls Park
0%
Island Lake
0%
Johnsburg
0%
Joslin
0%
Justice
0%
Kewanee
0%
Ladd
0%
Lake Barrington
0%
Lake Holiday
0%
Lakemoor
0%
Lake Villa
0%
Lakewood Shores
0%
La Moille
0%
Lanark
0%
Lansing
0%
Lawrence
0%
Lee
0%
Leonore
0%
Libertyville
0%
Lindenhurst
0%
Lisbon
0%
Lockport Heights
0%
Long Grove
0%
Long Lake
0%
Lorenzo
0%
Lynn Center
0%
Lynwood
0%
Lyons
0%
Malden
0%
Manteno
0%
Markham
0%
Marseilles
0%
Matherville
0%
Matteson
0%
McCook
0%
Mettawa
0%
Milan
0%
Millbrook
0%
Milledgeville
0%
Millersburg
0%
Millington
0%
Minooka
0%
Monee
0%
Mount Carroll
0%
Mundelein
0%
Naplate
0%
Nekoma
0%
Nelson
0%
Neponset
0%
Newark
0%
New Bedford
0%
New Boston
0%
North Barrington
0%
Northbrook
0%
Oak Grove
0%
Oak Park
0%
Oakwood Hills
0%
Ohio
0%
Olympia Fields
0%
Ophiem
0%
Orion
0%
Orland Hills
0%
Orland Park
0%
Osco
0%
Ottawa
0%
Palos Heights
0%
Palos Hills
0%
Park Forest
0%
Paw Paw
0%
Pecatonica
0%
Pistakee Highlands
0%
Plum Valley
0%
Poplar Grove
0%
Port Barrington
0%
Posen
0%
Prairie Grove
0%
Preemption
0%
Preston Heights
0%
Prophetstown
0%
Ransom
0%
Rest Haven
0%
Richton Park
0%
Ridgewood
0%
Riley
0%
Ritchie
0%
Riverdale
0%
Riverside
0%
Riverwoods
0%
Rockdale
0%
Round Lake
0%
Round Lake Beach
0%
Round Lake Heights
0%
Round Lake Park
0%
Rutland
0%
Sammons Point
0%
Sandwich
0%
Sauk Village
0%
Savanna
0%
Scales Mound
0%
Serena
0%
Shannon
0%
Sheffield
0%
Sherrard
0%
Somonauk
0%
South Barrington
0%
Spring Valley
0%
St. Anne
0%
St. Charles
0%
Steger
0%
Sublette
0%
Summit
0%
Sun River Terrace
0%
Swedona
0%
Symerton
0%
Taylor Ridge
0%
Thomson
0%
Thornton
0%
Tiskilwa
0%
Tower Lakes
0%
Triumph
0%
Trout Valley
0%
Troy Grove
0%
University Park
0%
Venetian Village
0%
Vernon Hills
0%
Viola
0%
Volo
0%
Wayne
0%
West Brooklyn
0%
Western Springs
0%
Westlake Village
0%
Willowbrook (Will County)
0%
Willow Springs
0%
Wilton Center
0%
Windsor
0%
Wonder Lake
0%
Woodhull
0%
Woodstock
0%
Worth
0%
Wyanet
0%
No matching quizzes found
Score Distribution
Percent of People with Each Score
Percentile by Number Answered
Your Score History
You have not taken this quiz